000 00849nam a2200265 i 4500
001 bg
245 0 0 _aLabVIEW dla studentów /
_cBolesław Kiczma [et al.] ; Uniwersytet Opolski.
260 _aOpole :
_bWydawnictwo Uniwersytetu Opolskiego,
_c2007.
300 _a171 s. :
_bil. ;
_c24 cm.
504 _aBibliogr. s. 171.
521 8 _aDla studentów kierunków inżynieria środowiska i edukacja techniczno-informatyczna.
650 9 _aLabVIEW
655 _aPodręczniki akademickie
700 1 _aKiczma, Bolesław.
015 _aPB 10682/2008
020 _a9788373952737
040 _cBPK
041 _apol
044 _aPOL
080 _a004.42:621.317](075.8)
920 _a978-83-7395-273-7
942 _cKS
008 080418s2007 pl a f f |000 0 pol
999 _c55909
_d55909
856 _uhttp://koha.tu.koszalin.pl/cgi-bin/koha/opac-detail.pl?biblionumber=55909
_yKatalog online BPK